000 00820nam a2200277Ia 4500
001 Para_2223
003 CHAP
008 220125s1992 xx 000 0 und d
010 _a200806
040 _cCHAP
082 _aPA 634.11 B3
100 _aBarritt, Bruce H.
_9165655
245 _aIntensive orchard management :
_b A practical guide to the planning, establishment and management of high density apple orchards /
_c by Bruce H. Barrit
260 _aYakima, Washington :
_b Good Fruit Grower
300 _a215 p.
650 _aArboles frutales
650 _aFruticultura
_943684
650 _aManzana
_970730
901 _aPA 634.11 B3
902 _aM
905 _a0000001992 ai 0000000000 00
910 _a1992
942 _cPARA
942 _cPARA
_d1
999 _c200806
_d200806